| 000 | 00510nam a2200193 a 4500 | ||
|---|---|---|---|
| 005 | 20240924070736.0 | ||
| 008 | 070518s2005 mx r 000 0 spa d | ||
| 020 | _a8485401077 | ||
| 035 | _aUPN01000150356 | ||
| 049 | _aCG | ||
| 050 | 4 |
_aHM821 _bR6.7 |
|
| 100 | 1 | _aRadl Philipp, Rita | |
| 245 | 1 | 0 |
_aRespeto a la igualdad / _cRita Radl Philipp. |
| 260 |
_aVigo, Esp. : _bNova Galicia, _c2005. |
||
| 300 |
_a53 p. _bil col. |
||
| 440 | 0 | _aQué me dices de... | |
| 650 | 2 |
_aIgualdad _91585 |
|
| 905 | _aLibro | ||
| 999 |
_c122497 _d122497 |
||